Figure Out this Song From Oliver! Quiz Stats

 Plays Quiz not verified by Sporcle

Score 0/197 Timer 10:00
0 Plays Today
Hint Answer % Correct
I
94.2%
I
94.2%
I
94.2%
I
94.2%
I
94.2%
I
94.2%
I
94.2%
I
94.2%
I
94.2%
the
93.6%
the
93.6%
the
93.6%
the
93.6%
the
93.6%
the
93.6%
and
93.6%
you
80.3%
you
80.3%
you
80.3%
you
80.3%
you
80.3%
me
74.6%
me
74.6%
me
74.6%
me
74.6%
me
74.6%
me
74.6%
me
74.6%
me
74.6%
me
74.6%
me
74.6%
is
71.7%
where
71.7%
is
71.7%
he
69.9%
he
69.9%
he
69.9%
he
69.9%
he
69.9%
he
69.9%
he
69.9%
he
69.9%
he
69.9%
he
69.9%
he
69.9%
he
69.9%
he
69.9%
he
69.9%
he
69.9%
he
69.9%
in
69.4%
love
69.4%
love
69.4%
love
69.4%
love
69.4%
so
68.2%
so
68.2%
so
68.2%
when
65.9%
when
65.9%
when
65.9%
to
65.9%
when
65.9%
to
65.9%
be
65.3%
be
65.3%
Hint Answer % Correct
what
63.6%
will
62.4%
will
62.4%
on
60.1%
on
60.1%
of
59%
as
57.8%
as
57.8%
who
57.8%
as
57.8%
as
57.8%
as
57.8%
as
57.8%
as
57.8%
as
57.8%
know
57.8%
as
57.8%
as
57.8%
as
57.8%
as
57.8%
as
57.8%
as
57.8%
know
57.8%
as
57.8%
as
57.8%
need
56.1%
ill?
56.1%
my
56.1%
I'll
56.1%
I'll
56.1%
I'll
56.1%
I'll
56.1%
that
55.5%
I'm
54.9%
him
54.3%
him
54.3%
him
54.3%
see
53.2%
if
53.2%
needs
51.4%
needs
51.4%
needs
51.4%
needs
51.4%
needs
51.4%
needs
51.4%
needs
51.4%
needs
51.4%
needs
51.4%
long
50.9%
long
50.9%
long
50.9%
long
50.9%
long
50.9%
long
50.9%
long
50.9%
long
50.9%
long
50.9%
are
50.3%
his
49.1%
then
49.1%
his
49.1%
or
48.6%
have
48%
this
48%
but
47.4%
but
47.4%
Hint Answer % Correct
I've
46.8%
I've
46.8%
does
46.2%
don't
46.2%
all
46.2%
say
45.7%
say
45.7%
one
45.1%
would
44.5%
life
44.5%
won't
43.9%
should
42.2%
should
42.2%
some
42.2%
way
39.3%
got
39.3%
way
39.3%
way
39.3%
them
39.3%
got
39.3%
just
39.3%
oh
38.7%
he's
38.7%
feel
38.7%
must
38.7%
must
38.7%
always
38.2%
somehow
37.6%
much
37%
yes
36.4%
spite
36.4%
been
36.4%
gone
36.4%
strong
36.4%
sure
35.8%
knows
35.3%
let
35.3%
near
34.7%
right
34.7%
though
34.7%
doesn't
33.5%
wrong
33.5%
still
31.8%
miss
31.8%
trust
31.2%
people
31.2%
stay
31.2%
hide
30.6%
things
30.1%
betray
30.1%
inside
29.5%
true
29.5%
hell
28.9%
steadfastly
28.9%
else
28.3%
they've
28.3%
pride
28.3%
thinks
28.3%
lonely
28.3%
used
27.7%
same
27.2%
acts
26.6%
play
26%
cling
25.4%
game
24.3%

You're not logged in!

Compare scores with friends on all Sporcle quizzes.
OR
Log In

Show Comments

Extras

Top Quizzes Today


Score Distribution

Your Account Isn't Verified!

In order to create a playlist on Sporcle, you need to verify the email address you used during registration. Go to your Sporcle Settings to finish the process.

Report this User

Report this user for behavior that violates our Community Guidelines.

Details: